Дамское счастье: пер. с фр.; роман

Dades bibliogràfiques
Autor principal: Золя Э. Эмиль
Sumari:Исключено из фонда НТБ ТПУ
Idioma:rus
Publicat: Тула, Приокское кн. изд-во, 1993
Format: Llibre
KOHA link:https://koha.lib.tpu.ru/cgi-bin/koha/opac-detail.pl?biblionumber=80453

MARC

LEADER 00000nam0a2200000 4500
001 80453
005 20231101213119.0
010 |a 5763904885 
035 |a (RuTPU)RU\TPU\book\86475 
090 |a 80453 
100 |a 20050906d1993 m y0rusy50 ca 
101 1 |a rus  |c fre 
102 |a RU 
105 |a y z 000ay 
200 1 |a Дамское счастье  |e пер. с фр.  |e роман  |f Э. Золя 
210 |a Тула  |c Приокское кн. изд-во  |d 1993 
215 |a 416 с. 
333 |a Исключено из фонда НТБ ТПУ 
700 1 |a Золя  |b Э.  |c французский писатель  |f 1840-1902  |g Эмиль  |9 1833 
801 1 |a RU  |b 63413507  |c 20050906  |g PSBO 
801 2 |a RU  |b 63413507  |c 20210131  |g PSBO 
942 |c BK